Vương triều sụp đổ

Spremljeno u:
Bibliografski detalji
Glavni autor: Hoàng Quốc Khải
Format: Knjiga
Jezik:Undetermined
Izdano: H. Phụ Nữ 2003
Teme:
Oznake: Dodaj oznaku
Bez oznaka, Budi prvi tko označuje ovaj zapis!
Thư viện lưu trữ: Trung tâm Học liệu Trường Đại học Cần Thơ
LEADER 00501nam a2200181Ia 4500
001 CTU_56952
008 210402s9999 xx 000 0 und d
020 |b 66000 
082 |a 895.9223081 
082 |b H103 
100 |a Hoàng Quốc Khải 
245 0 |a Vương triều sụp đổ 
245 0 |c Hoàng Quốc Khải 
260 |a H. 
260 |b Phụ Nữ 
260 |c 2003 
650 |a historical fiction, vietnamese 
980 |a Trung tâm Học liệu Trường Đại học Cần Thơ